000 00502nam a2200217Ia 4500
003 OSt
005 20221005130951.0
006 a|||||r|||| 00| 0
007 ta
008 ORI
024 _a27540
037 _cTextual
040 _aCRL
_cCRL
_bORI
041 _2ORI
_aORI
082 _aO1591,4NMIx, K3
100 _aMishra Lakshman
_9214872
245 0 _aSatyara santhana
260 _c1973
942 _hO1591,4NMIx, K3
_cTEXL
_2cc
999 _c1058954
_d1058954